|
|
|
|
| LEADER |
00000naa2a2200000 4500 |
| 001 |
456265 |
| 005 |
20231101084552.0 |
| 035 |
|
|
|a (RuTPU)RU\TPU\prd\119476
|
| 035 |
|
|
|a RU\TPU\prd\5187
|
| 090 |
|
|
|a 456265
|
| 100 |
|
|
|a 20110912a2002 k y0rusy50 ca
|
| 101 |
0 |
|
|a rus
|
| 102 |
|
|
|a RU
|
| 200 |
1 |
|
|a Нерезиденты на рынке ГКО-ОФЗ в период кризиса
|f А. Н. Медведев
|
| 225 |
1 |
|
|a Математический анализ экономических моделей
|
| 320 |
|
|
|a Библиогр.: 6 назв.
|
| 461 |
|
1 |
|0 (RuTPU)RU\TPU\prd\441
|x 0424-7388
|t Экономика и математические методы
|f Российская академия наук (РАН), Центральный экономико-математический институт (ЦЭМИ)
|d 1965-
|
| 463 |
|
1 |
|0 (RuTPU)RU\TPU\prd\119466
|t Т. 38, вып. 1
|v С. 105-120
|d 2002
|
| 610 |
1 |
|
|a рынок
|
| 610 |
1 |
|
|a кризисы
|
| 610 |
1 |
|
|a нерезиденты
|
| 610 |
1 |
|
|a теоретические модели
|
| 610 |
1 |
|
|a финансовый кризис
|
| 610 |
1 |
|
|a инвесторы
|
| 700 |
|
1 |
|a Медведев
|b А. Н.
|
| 801 |
|
1 |
|a RU
|b 63413507
|c 20020626
|g PSBO
|
| 801 |
|
2 |
|a RU
|b 63413507
|c 20110912
|g PSBO
|
| 942 |
|
|
|c BK
|